000 00745cam a22002291 4500
001 ne 67001784
003 DLC
005 20260227111835.0
008 740123r19661884le d 00000 eng
010 _ane 67001784 //r832
025 _aPL480:UAR-8326
041 0 _aengara
050 0 _aPJ6640
_b.S8 1966
082 _a492.7/3/2
100 1 0 _a[Steingass, Francis Joseph]
_d1825-1903.
240 1 0 _aStudent's Arabic-English dictionary
245 1 2 _aA learner's Arabic-English dictionary.
260 0 _aBeirut,
_bLibrairie du Liban
_c[1966]
300 _a1242 p.
_c23 cm.
500 _aReprint of the ed. published in London, 1884, under title: The student's Arabic-English dictionary.
650 0 _aArabic language
_xDictionaries
_xEnglish.
999 _c49834
_d49834